000
00323pam a2200145 a 4500
020
_c
041
_a
eng
082
_a
543.08
_b
WIL
100
_a
Willart Hobert H.
245
_a
Instrumental Methods Of Analysis
_h
Textual Documents
250
_a
1986.
260
_a
[s.l]:
_b
CBS PUb.
300
_a
895pg.
930
_a
12789
999
_c
89691
_d
89691